[Event "Hastings Masters"]
[Site "Hastings"]
[Date "2008.01.04"]
[Round "8.25"]
[White "Formanek, Edward W"]
[Black "Quinn, Joseph"]
[Result "1-0"]
[WhiteElo "2276"]
[BlackElo "1758"]
[PlyCount "47"]
[EventDate "2007.12.28"]
[SourceDate "2007.12.28"]

1. e4 e5 2. Nf3 Nc6 3. Bb5 a6 4. Bxc6 dxc6 5. O-O Bd6 6. d4 Bg4 7. dxe5 Bxf3 8.
Qxf3 Bxe5 9. Qb3 Rb8 10. Nd2 Nf6 11. Nc4 Qe7 12. Nxe5 Qxe5 13. f3 Qd4+ 14. Be3
Qd7 15. Ba7 Ra8 16. Qxb7 O-O 17. Rfd1 Qe7 18. Bd4 c5 19. Bc3 Rfb8 20. Qc6 Ne8
21. Rd5 Nd6 22. Qxc5 Rb5 23. Qd4 f6 24. Rxb5 1-0

[Event "Hastings Masters"]
[Site "Hastings"]
[Date "2008.01.04"]
[Round "8.26"]
[White "Gurbanzade, Erkin"]
[Black "Briscoe, Christopher"]
[Result "1-0"]
[WhiteElo "2179"]
[BlackElo "2273"]
[PlyCount "61"]
[EventDate "2007.12.28"]
[SourceDate "2007.12.28"]

1. e4 c5 2. Nf3 d6 3. d4 cxd4 4. Nxd4 Nf6 5. Nc3 a6 6. Bg5 e6 7. f4 Qb6 8. Qd2
Qxb2 9. Rb1 Qa3 10. f5 Nc6 11. fxe6 fxe6 12. Nxc6 bxc6 13. e5 dxe5 14. Bxf6
gxf6 15. Ne4 Be7 16. Be2 O-O 17. O-O Qa4 18. c4 Ra7 19. Rb3 Bd8 20. Rff3 Qa5
21. Nxf6+ Kh8 22. Qh6 Qc5+ 23. Kh1 Bxf6 24. Rxf6 Raf7 25. Rbf3 Rxf6 26. Rxf6
Rxf6 27. Qxf6+ Kg8 28. Qg5+ Kf7 29. Bh5+ Kf8 30. Qf6+ Kg8 31. Bf7+ 1-0

[Event "Hastings Masters"]
[Site "Hastings"]
[Date "2008.01.04"]
[Round "8.27"]
[White "Zhou, Yang-Fan"]
[Black "Ledger, David"]
[Result "1-0"]
[WhiteElo "2068"]
[BlackElo "2266"]
[PlyCount "55"]
[EventDate "2007.12.28"]
[SourceDate "2007.12.28"]

1. e4 e5 2. Nf3 Nc6 3. d4 exd4 4. Nxd4 Bc5 5. Nb3 Bb6 6. Nc3 Qf6 7. Qe2 Nge7 8.
Be3 O-O 9. O-O-O d6 10. Kb1 Bd7 11. h3 Rfe8 12. g4 Bxe3 13. Qxe3 a6 14. g5 Qg6
15. h4 f5 16. h5 Qf7 17. g6 hxg6 18. hxg6 Nxg6 19. Qh3 fxe4 20. Qh7+ Kf8 21.
Bc4 Be6 22. Bd5 Nce7 23. Bxe4 Bf5 24. Nd4 Bxe4 25. Nxe4 Nf5 26. Ng5 Qf6 27. Qh5
Ke7 28. Nh7 1-0

[Event "Hastings Masters"]
[Site "Hastings"]
[Date "2008.01.04"]
[Round "8.28"]
[White "Canonne, Antoine"]
[Black "Kwiatkowski, Feliks J"]
[Result "1/2-1/2"]
[WhiteElo "2059"]
[BlackElo "2237"]
[PlyCount "52"]
[EventDate "2007.12.28"]
[SourceDate "2007.12.28"]

1. e4 c5 2. Nc3 Nc6 3. f4 g6 4. Nf3 Bg7 5. Bb5 Nd4 6. O-O Nxb5 7. Nxb5 d5 8.
exd5 a6 9. Nc3 Nf6 10. a4 Nxd5 11. Nxd5 Qxd5 12. d3 O-O 13. Qe1 c4 14. dxc4
Qxc4 15. c3 Be6 16. Be3 {(=)} Qc7 17. Qh4 Bc4 18. Rfe1 Rad8 19. a5 Rde8 20. Bb6
Qc6 21. Ne5 Qb5 22. Nxc4 Bf6 23. Qf2 Qxc4 24. Qf3 Qc8 25. Rad1 e6 26. Re2 Bd8
1/2-1/2

[Event "Hastings Masters"]
[Site "Hastings"]
[Date "2008.01.04"]
[Round "8.29"]
[White "Gibson, Christopher A"]
[Black "Jackson, Oliver"]
[Result "1-0"]
[WhiteElo "2032"]
[BlackElo "2219"]
[PlyCount "81"]
[EventDate "2007.12.28"]
[SourceDate "2007.12.28"]

1. d4 Nf6 2. c4 c5 3. d5 b5 4. cxb5 a6 5. bxa6 g6 6. Nf3 d6 7. Nc3 Bxa6 8. e4
Bxf1 9. Kxf1 Nbd7 10. g3 Bg7 11. Kg2 O-O 12. h3 Nb6 13. Re1 Nfd7 14. Ng5 h6 15.
Nf3 Qb8 16. Qc2 Qb7 17. b3 f5 18. Kg1 Nf6 19. Nd2 fxe4 20. Bb2 Nbxd5 21. Ndxe4
Nxe4 22. Qxe4 Kh7 23. Nxd5 Rf7 24. Bxg7 Kxg7 25. Nf4 Qxe4 26. Rxe4 e5 27. Nd5
Ra5 28. b4 Ra4 29. a3 cxb4 30. Rxb4 Rfa7 31. Rxa4 Rxa4 32. Nc3 Rc4 33. Nb5 d5
34. a4 d4 35. Kf1 d3 36. Ke1 Rc2 37. Ra3 Re2+ 38. Kd1 e4 39. Nc3 e3 40. fxe3
Rxe3 41. a5 1-0

[Event "Hastings Masters"]
[Site "Hastings"]
[Date "2008.01.04"]
[Round "8.30"]
[White "Raddatz, Michael"]
[Black "Afek, Yochanan"]
[Result "0-1"]
[WhiteElo "2037"]
[BlackElo "2349"]
[PlyCount "104"]
[EventDate "2007.12.28"]
[SourceDate "2007.12.28"]

1. e4 c5 2. Nf3 Nf6 3. e5 Nd5 4. Nc3 e6 5. Nxd5 exd5 6. d4 Nc6 7. c3 d6 8. exd6
Bxd6 9. dxc5 Bxc5 10. Be2 O-O 11. O-O Bf5 12. Be3 Bxe3 13. fxe3 Be4 14. Qd2 Re8
15. Rae1 Qe7 16. Bd3 Rad8 17. Re2 a6 18. Bxe4 Qxe4 19. Ng5 Qg6 20. Nxf7 Rd7 21.
Ref2 h6 22. Rf3 Ree7 23. Nxh6+ Qxh6 24. Rf8+ Kh7 25. R1f3 Re5 26. Qd3+ g6 27.
Qf1 Rxe3 28. R3f7+ Rxf7 29. Qxf7+ Qg7 30. Qf4 Re1+ 31. Kf2 Re5 32. Kg1 Rf5 33.
Qh4+ Rh5 34. Qf4 Ne5 35. h3 Qh6 36. Qxh6+ Kxh6 37. g4 Kg7 38. Re8 Kf7 39. Rb8
Rxh3 40. Rxb7+ Kf6 41. Rb6+ Kg5 42. Rxa6 Kxg4 43. Re6 Re3 44. Kf2 Kf4 45. Rf6+
Ke4 46. Re6 Rh3 47. Kg2 Rd3 48. a4 Rd2+ 49. Kg3 Rxb2 50. a5 Rb3 51. a6 Rxc3+
52. Kh4 Kf5 0-1

[Event "Hastings Masters"]
[Site "Hastings"]
[Date "2008.01.04"]
[Round "8.31"]
[White "Thompson, Ian D"]
[Black "Andersen, Daniel"]
[Result "1-0"]
[WhiteElo "2309"]
[BlackElo "2013"]
[PlyCount "51"]
[EventDate "2007.12.28"]
[SourceDate "2007.12.28"]

1. c4 Nf6 2. g3 g6 3. Bg2 d5 4. cxd5 Nxd5 5. Nc3 Nxc3 6. bxc3 Bg7 7. Rb1 Nc6 8.
h4 h5 9. Nh3 O-O 10. O-O Qd7 11. d4 b6 12. Nf4 Bb7 13. Nd3 Qc8 14. e4 e5 15. d5
Na5 16. f4 exf4 17. Bxf4 Nc4 18. Qa4 Nd6 19. e5 Nf5 20. c4 Nd4 21. Kh2 c5 22.
Bh3 Qd8 23. Nxc5 Bxd5 24. cxd5 Qxd5 25. Bg2 Qxc5 26. Rbc1 1-0

[Event "Hastings Masters"]
[Site "Hastings"]
[Date "2008.01.04"]
[Round "8.32"]
[White "Franklin, Samuel"]
[Black "Grant, Alan"]
[Result "0-1"]
[WhiteElo "1917"]
[BlackElo "2251"]
[PlyCount "76"]
[EventDate "2007.12.28"]
[SourceDate "2007.12.28"]

1. c4 Nf6 2. Nc3 g6 3. e4 d6 4. d4 Bg7 5. Be2 O-O 6. Nf3 e5 7. Be3 h6 8. O-O
Ng4 9. Bc1 Nc6 10. d5 Ne7 11. h3 Nf6 12. Be3 Nh5 13. Qc1 Kh7 14. Ne1 f5 15.
Bxh5 gxh5 16. f3 f4 17. Bf2 Ng6 18. c5 Rf7 19. Nb5 a6 20. Na3 Bf6 21. Nc4 Bh4
22. Qd2 dxc5 23. Nd3 Bxf2+ 24. Qxf2 Qg5 25. Kh1 b6 26. a4 a5 27. b3 Ba6 28.
Ndb2 Rg7 29. Rad1 Rag8 30. Rg1 Qd8 31. d6 c6 32. Rd2 Bc8 33. d7 Rxd7 34. Rxd7+
Bxd7 35. Rd1 Rg7 36. Nd3 Be6 37. Rd2 Rd7 38. Nxf4 exf4 0-1

[Event "Hastings Masters"]
[Site "Hastings"]
[Date "2008.01.04"]
[Round "8.33"]
[White "Snape, Ian"]
[Black "Adair, James"]
[Result "1/2-1/2"]
[WhiteElo "2230"]
[BlackElo "2044"]
[PlyCount "83"]
[EventDate "2007.12.28"]
[SourceDate "2007.12.28"]

1. c4 c5 2. Nf3 Nc6 3. Nc3 e5 4. g3 g6 5. Bg2 Bg7 6. a3 Nge7 7. Rb1 a5 8. O-O
O-O 9. Ne1 d6 10. Nc2 Be6 11. Ne3 f5 12. Ned5 Rb8 13. d3 h6 14. f4 Bf7 15. Bd2
Nxd5 16. Nxd5 b6 17. b4 axb4 18. axb4 Ne7 19. Ne3 Qd7 20. Qc2 Rfc8 21. bxc5
bxc5 22. Rxb8 Rxb8 23. Rb1 Rxb1+ 24. Qxb1 exf4 25. gxf4 d5 26. Qb5 Qd6 27. cxd5
Nxd5 28. Nxd5 Bxd5 29. Bxd5+ Qxd5 30. Qc4 Qxc4 31. dxc4 Kf7 32. Kg2 Ke6 {(=)}
33. Kf3 h5 34. e4 fxe4+ 35. Kxe4 Bf6 36. Be3 Be7 37. Bf2 Bf8 38. Bh4 Bd6 39.
Be1 Bf8 40. Bc3 Bd6 41. h3 Bf8 42. Bh8 1/2-1/2

[Event "Hastings Masters"]
[Site "Hastings"]
[Date "2008.01.04"]
[Round "8.34"]
[White "Fruteau, Sabine"]
[Black "Garnett, John S"]
[Result "1-0"]
[WhiteElo "2169"]
[BlackElo "2032"]
[PlyCount "75"]
[EventDate "2007.12.28"]
[SourceDate "2007.12.28"]

1. e4 c5 2. Nf3 Nc6 3. Bb5 g6 4. O-O Bg7 5. c3 e5 6. d3 Nge7 7. Be3 d6 8. d4
cxd4 9. cxd4 a6 10. Bxc6+ Nxc6 11. d5 Ne7 12. a4 f5 13. a5 O-O 14. Bb6 Qe8 15.
Nc3 fxe4 16. Ng5 Nf5 17. Ngxe4 Qe7 18. Qd2 Nd4 19. Qg5 Qxg5 20. Nxg5 Bf5 21.
Ra4 Rac8 22. Nge4 Bxe4 23. Nxe4 Nb5 24. Rb4 Rc2 25. b3 Rfc8 26. Be3 Rd8 27. Rc4
Rxc4 28. bxc4 Nd4 29. Rb1 Rd7 30. Rb6 Nf5 31. g4 Nxe3 32. fxe3 Rc7 33. Nxd6 Bf8
34. Nxb7 Rxc4 35. d6 Rc1+ 36. Kf2 Rd1 37. Ke2 Rd5 38. Kf3 1-0

[Event "Hastings Masters"]
[Site "Hastings"]
[Date "2008.01.04"]
[Round "8.35"]
[White "Dickson, George"]
[Black "O'Toole, George E"]
[Result "0-1"]
[WhiteElo "2160"]
[BlackElo "1987"]
[PlyCount "76"]
[EventDate "2007.12.28"]
[SourceDate "2007.12.28"]

1. e4 e5 2. f4 exf4 3. Nf3 g5 4. h4 g4 5. Ne5 Nf6 6. Bc4 d5 7. exd5 Bd6 8. d4
Nh5 9. O-O O-O 10. Bxf4 Qxh4 11. Qd2 g3 12. Bxg3 Qxg3 13. Nc3 Nd7 14. Ne4 Qg7
15. Ng4 Qxg4 16. Nxd6 cxd6 17. Be2 Qh4 18. Bxh5 Qxh5 19. Rf3 f5 20. Rg3+ Kh8
21. Qf4 Nf6 22. Qxd6 Qf7 23. c4 Re8 24. Rb3 Ne4 25. Qf4 b6 26. Re1 Qf6 27. Rd3
Ba6 28. b3 Nd6 29. Rde3 Rxe3 30. Rxe3 Re8 31. Re5 Kg7 32. c5 bxc5 33. Rxe8 Nxe8
34. dxc5 Qe7 35. d6 Qd7 36. b4 Nf6 37. Qe5 Bb5 38. Qg3+ Kf7 0-1

[Event "Hastings Masters"]
[Site "Hastings"]
[Date "2008.01.04"]
[Round "8.36"]
[White "Hagesaether, Arne"]
[Black "Ringor, Rodrigo"]
[Result "1-0"]
[WhiteElo "2153"]
[BlackElo "1848"]
[PlyCount "49"]
[EventDate "2007.12.28"]
[SourceDate "2007.12.28"]

1. e4 c5 2. Na3 Nc6 3. Bb5 Qc7 4. Nf3 a6 5. Bxc6 Qxc6 6. O-O Qxe4 7. d4 cxd4 8.
Re1 Qc6 9. Nxd4 Qc7 10. Ndb5 axb5 11. Nxb5 Qb6 12. Nd6+ Kd8 13. Nxf7+ Ke8 14.
Nxh8 Nf6 15. Be3 Qe6 16. Bd4 Qg8 17. Bxf6 gxf6 18. Qh5+ Kd8 19. Nf7+ Kc7 20.
Re3 e5 21. Rg3 Bg7 22. Nh6 Qf8 23. Nf5 Bh8 24. Qxh7 Qb4 25. Rc3+ 1-0

[Event "Hastings Masters"]
[Site "Hastings"]
[Date "2008.01.04"]
[Round "8.37"]
[White "Donovan, Nigel"]
[Black "Uche, Enyi"]
[Result "1-0"]
[WhiteElo "2121"]
[BlackElo "1000"]
[PlyCount "89"]
[EventDate "2007.12.28"]
[SourceDate "2007.12.28"]

1. e4 e5 2. Nf3 Nc6 3. Bb5 a6 4. Ba4 Nf6 5. Qe2 b5 6. Bb3 Bc5 7. d3 h6 8. Nc3
d6 9. a4 b4 10. Nd5 Nxd5 11. Bxd5 Bd7 12. Be3 Bxe3 13. fxe3 Rb8 14. O-O O-O 15.
d4 exd4 16. exd4 Ne7 17. Bb3 a5 18. Nh4 d5 19. exd5 Rb6 20. Qh5 Rd6 21. Rae1
Ng6 22. Nf5 Bxf5 23. Rxf5 Qh4 24. Qxh4 Nxh4 25. Rf4 Ng6 26. Rfe4 Rf6 27. g3 Rd6
28. Kg2 f5 29. Re6 h5 30. Rxg6 Rxg6 31. d6+ Kh7 32. d7 Rd8 33. Re8 Rxd7 34.
Bg8+ Kh6 35. d5 Rgd6 36. Be6 Rd8 37. Re7 c6 38. Bxf5 cxd5 39. Ra7 d4 40. Rxa5
b3 41. cxb3 d3 42. g4 Rd5 43. Ra6+ Kg5 44. Kg3 Rxf5 45. h4# 1-0

[Event "Hastings Masters"]
[Site "Hastings"]
[Date "2008.01.04"]
[Round "8.38"]
[White "McClement, Andrew"]
[Black "Pickersgill, Adrian"]
[Result "0-1"]
[WhiteElo "1594"]
[BlackElo "2088"]
[PlyCount "62"]
[EventDate "2007.12.28"]
[SourceDate "2007.12.28"]

1. d4 d5 2. Bf4 Nc6 3. e3 Bf5 4. c4 e6 5. Nc3 Bd6 6. Bg3 Bxg3 7. hxg3 Nf6 8.
Nf3 h6 9. Ne5 Nxe5 10. dxe5 Ne4 11. Nxe4 Bxe4 12. f3 Bg6 13. Qb3 Qg5 14. Kf2
Qxe5 15. Qxb7 O-O 16. f4 Qf6 17. Be2 Rab8 18. Qxa7 Rxb2 19. cxd5 Bd3 20. Rae1
exd5 21. Kf3 Be4+ 22. Kf2 Bd3 23. Kf3 {(=)} Be4+ 24. Kf2 Qc6 25. Rc1 Qb5 26.
Rhe1 Bd3 27. a4 Qb3 28. Qxc7 Qa2 29. a5 Rxe2+ 30. Rxe2 Qxe2+ 31. Kg1 Be4 0-1

[Event "Hastings Masters"]
[Site "Hastings"]
[Date "2008.01.04"]
[Round "8.39"]
[White "Fryer, David"]
[Black "Cumming, Rhys"]
[Result "1/2-1/2"]
[WhiteElo "2065"]
[BlackElo "1845"]
[PlyCount "128"]
[EventDate "2007.12.28"]
[SourceDate "2007.12.28"]

1. e4 e5 2. Bc4 Nf6 3. d3 Nc6 4. Nc3 Bb4 5. Nge2 d5 6. exd5 Nxd5 7. O-O Be6 8.
Ne4 O-O 9. N2g3 Be7 10. Qh5 Nf4 11. Bxf4 exf4 12. Ne2 Bxc4 13. dxc4 f5 14. Rad1
Qe8 15. Qxe8 Rfxe8 16. N4c3 Bd6 17. Rfe1 f3 18. Ng3 g6 19. Nd5 Rxe1+ 20. Rxe1
Kf7 21. b3 fxg2 22. Kxg2 Nb4 23. Rd1 Re8 24. c3 Na6 25. b4 f4 26. c5 Be5 27.
Ne4 c6 28. Ndf6 Bxf6 29. Nd6+ Kf8 30. Nxe8 Kxe8 31. Rd3 Nc7 32. c4 Ke7 33. b5
cxb5 34. cxb5 Nxb5 35. Rb3 a6 36. a4 Nc7 37. Rxb7 Kd7 38. Kf3 Be5 39. Ke4 Kc6
40. Rb3 Bg7 41. Kxf4 Ne6+ 42. Kg4 Nxc5 43. Rb4 Kd5 44. f4 Ne4 45. Rb6 Nc5 46.
f5 gxf5+ 47. Kxf5 {(=)} a5 48. h4 Bc3 49. Rh6 Nxa4 50. Rxh7 Nc5 51. h5 a4 52.
h6 Kc6 53. Rf7 Nd7 54. Ke6 Nc5+ 55. Kf5 Nb7 56. Kg6 a3 57. Rf2 Bb2 58. h7 Nd6
59. Rh2 Bh8 60. Ra2 Nc4 61. Rxa3 Nxa3 62. Kf7 Kd7 63. Kg8 Ke7 64. Kxh8 Kf7
1/2-1/2

[Event "Hastings Masters"]
[Site "Hastings"]
[Date "2008.01.04"]
[Round "8.40"]
[White "Lyell, Mark"]
[Black "Calvert, David Ian"]
[Result "1/2-1/2"]
[WhiteElo "2197"]
[BlackElo "2058"]
[PlyCount "103"]
[EventDate "2007.12.28"]
[SourceDate "2007.12.28"]

1. e4 d5 2. exd5 Qxd5 3. Nf3 Bg4 4. Be2 Nc6 5. d4 O-O-O 6. c4 Qf5 7. Be3 Bxf3
8. Bxf3 Nxd4 9. Bxd4 Qe6+ 10. Be2 Qe4 11. O-O Qxd4 12. Qa4 e6 13. Rd1 Qxb2 14.
Nd2 Nf6 15. Rab1 Qa3 16. Qb5 Qa6 17. Qxa6 bxa6 18. c5 Rd4 19. Bxa6+ Kd7 20. c6+
Ke7 21. Nc4 Rxd1+ 22. Rxd1 g6 23. Nd6 Nd5 24. Nc8+ Kf6 25. Nxa7 Bc5 26. Nb5 Bb6
27. Bb7 Ke7 28. Kf1 Rd8 29. Rd3 Nb4 30. Rxd8 Kxd8 31. a4 e5 32. Na3 Ke7 33. Nc4
Bd4 34. a5 Ke6 35. Ke2 Kd5 36. Nb6+ Kc5 37. Nc8 Kb5 38. Nd6+ Kxa5 39. Nxf7 Kb5
40. Nd6+ Kb6 41. Ne4 Nxc6 42. Bxc6 Kxc6 43. g4 h6 44. Kd3 Kd5 45. f3 c5 46. Nd2
Bg1 47. h3 Bd4 48. Nc4 Bg1 49. Nb6+ Kc6 50. Nc4 Kd5 51. Nb6+ Kc6 52. Nc4
1/2-1/2

[Event "Hastings Masters"]
[Site "Hastings"]
[Date "2008.01.04"]
[Round "8.41"]
[White "Wilson, Alexandra"]
[Black "Atako, Chino"]
[Result "1-0"]
[WhiteElo "2061"]
[BlackElo "2149"]
[PlyCount "41"]
[EventDate "2007.12.28"]
[SourceDate "2007.12.28"]

1. e4 c5 2. Nf3 g6 3. h4 Nc6 4. d4 cxd4 5. Nxd4 Bg7 6. Be3 Nf6 7. Nc3 Qa5 8. f3
O-O 9. Qd2 Nxd4 10. Bxd4 d6 11. g4 Be6 12. h5 a6 13. hxg6 hxg6 14. g5 Nd7 15.
Qh2 Rfc8 16. O-O-O Nf8 17. Be2 b5 18. f4 b4 19. Nb1 Qxa2 20. f5 gxf5 21. Bd3 {
remaining moves illegible} 1-0

[Event "Hastings Masters"]
[Site "Hastings"]
[Date "2008.01.04"]
[Round "8.42"]
[White "Norinkeviciute, Rasa"]
[Black "Young, Mel"]
[Result "1-0"]
[WhiteElo "2064"]
[BlackElo "1954"]
[PlyCount "111"]
[EventDate "2007.12.28"]
[SourceDate "2007.12.28"]

1. c4 f5 2. g3 Nf6 3. Bg2 e5 4. d4 exd4 5. Qxd4 Nc6 6. Qd1 Bb4+ 7. Bd2 Qe7 8.
a3 Bxd2+ 9. Qxd2 O-O 10. Nc3 d6 11. Nh3 Ne5 12. b3 c6 13. O-O Be6 14. Rad1 Rad8
15. Qb2 Kh8 16. Rd4 d5 17. cxd5 Nxd5 18. Nxd5 Bxd5 19. Bxd5 cxd5 20. Nf4 Qf6
21. Qd2 Nc6 22. Rxd5 Rxd5 23. Qxd5 Rd8 24. Qb5 g5 25. Nd3 Nd4 26. Qe5 Qxe5 27.
Nxe5 Nxe2+ 28. Kg2 Kg7 {(=)} 29. Re1 Nd4 30. Rd1 Nc6 31. Rxd8 Nxd8 32. Kf3 Kf6
33. Nd7+ Ke7 34. Ne5 Kd6 35. Nc4+ Ke6 36. h4 h6 37. hxg5 hxg5 38. g4 f4 39. Ke4
Nc6 40. a4 Ne7 41. Ne5 Nd5 42. Kd4 Nf6 43. f3 Ne8 44. Nd3 b6 45. Nf2 Nd6 46. b4
a6 47. Ne4 Nf7 48. a5 bxa5 49. bxa5 Kd7 50. Kd5 Ke7 51. Nc5 Nd6 52. Nxa6 Nb7
53. Nc5 Nxa5 54. Ne4 Nb3 55. Nxg5 Nd2 56. Ke5 1-0

[Event "Hastings Masters"]
[Site "Hastings"]
[Date "2008.01.04"]
[Round "8.43"]
[White "Milnes, Anthony CP"]
[Black "Cohen, Ronnie"]
[Result "1/2-1/2"]
[WhiteElo "2126"]
[BlackElo "1973"]
[PlyCount "46"]
[EventDate "2007.12.28"]
[SourceDate "2007.12.28"]

1. e4 c6 2. d4 d5 3. exd5 cxd5 4. Bd3 Nf6 5. Bf4 Nc6 6. c3 g6 7. Nf3 Bg7 8. O-O
O-O 9. Re1 Bg4 10. Nbd2 e6 11. h3 Bxf3 12. Nxf3 a6 13. Qd2 Kh8 14. Ne5 Rc8 15.
Bg5 Qe8 16. Bh6 Ng8 17. Bxg7+ Kxg7 18. f4 f5 19. Kh2 Nf6 20. Rg1 Ne4 21. Qe2
Nxe5 22. fxe5 h5 23. Rgf1 Qe7 1/2-1/2

[Event "Hastings Masters"]
[Site "Hastings"]
[Date "2008.01.04"]
[Round "8.44"]
[White "Lee, Jia Shen"]
[Black "Kakkanas, Evangelos"]
[Result "1/2-1/2"]
[WhiteElo "1920"]
[BlackElo "2064"]
[PlyCount "103"]
[EventDate "2007.12.28"]
[SourceDate "2007.12.28"]

1. d4 d5 2. c4 c6 3. Nf3 Nf6 4. e3 a6 5. Bd2 Bf5 6. cxd5 cxd5 7. Qb3 Bc8 8. Bd3
e6 9. O-O Bd6 10. Bb4 O-O 11. Nbd2 Bxb4 12. Qxb4 Nc6 13. Qc3 Bd7 14. b4 Qe7 15.
a3 Rfc8 16. Qb2 Be8 17. Nb3 b6 18. Rfc1 Qb7 19. Nbd2 Ne7 20. Ne5 Nd7 21. Nxd7
Bxd7 22. h3 Rxc1+ 23. Rxc1 Rc8 24. Nf3 f6 25. Rxc8+ Qxc8 26. Nd2 Bb5 27. Qc2
Qxc2 28. Bxc2 Nc8 29. f3 Nd6 30. Kf2 h6 31. Nb1 Nc4 32. Bd1 {(=)} Kf7 33. Bc2
Ke7 34. a4 Bd7 35. Nc3 a5 36. bxa5 bxa5 37. Ke2 Kd6 38. e4 Nb6 39. Ke3 Bc6 40.
Kf2 e5 41. dxe5+ Kxe5 42. exd5 Nxd5 43. Ne2 Nb6 44. f4+ Kd5 45. g4 Nxa4 46.
Bxa4 Bxa4 47. Nc3+ Kc4 48. Nxa4 Kb4 49. Nb6 Kb5 50. Nd5 Kc5 51. Nc3 Kc4 52. Na4
1/2-1/2

[Event "Hastings Masters"]
[Site "Hastings"]
[Date "2008.01.04"]
[Round "8.46"]
[White "Auckland, Elliott"]
[Black "Jain, Akash"]
[Result "0-1"]
[WhiteElo "1910"]
[BlackElo "2000"]
[PlyCount "94"]
[EventDate "2007.12.28"]
[SourceDate "2007.12.28"]

1. d4 Nf6 2. c4 c5 3. d5 e6 4. Nc3 exd5 5. cxd5 d6 6. e4 g6 7. f3 Bg7 8. Bg5
O-O 9. Qd2 Bd7 10. Be2 Na6 11. g4 Rb8 12. h4 b5 13. Bh6 Qe7 14. h5 Nc7 15. Nh3
b4 16. Nd1 Bb5 17. Bxg7 Kxg7 18. Nf4 Rbe8 19. hxg6 hxg6 20. Nf2 Rh8 21. O-O-O
Nd7 22. Bxb5 Nxb5 23. Ne2 a5 24. f4 Nf6 25. Rxh8 Rxh8 26. e5 dxe5 27. f5 Nd7
28. d6 Qh4 29. Qe3 Nd4 30. Rh1 Nxe2+ 31. Kd2 Qd8 32. Rxh8 Qxh8 33. Kxe2 Qa8 34.
Ne4 Qd5 35. a3 Nf6 36. Kf3 c4 37. g5 Nxe4 38. Qxe4 Qxe4+ 39. Kxe4 Kf8 40. Kxe5
c3 41. bxc3 bxc3 42. Kf6 Ke8 43. d7+ Kxd7 44. Kxf7 gxf5 45. g6 c2 46. g7 c1=Q
47. g8=Q Qc4+ 0-1

[Event "Hastings Masters"]
[Site "Hastings"]
[Date "2008.01.04"]
[Round "8.48"]
[White "Macrae, James"]
[Black "Henrichsen, Jens"]
[Result "1/2-1/2"]
[WhiteElo "1766"]
[BlackElo "1982"]
[PlyCount "102"]
[EventDate "2007.12.28"]
[SourceDate "2007.12.28"]

1. d4 Nf6 2. Nf3 e6 3. Bg5 Be7 4. e3 h6 5. Bh4 b6 6. h3 c5 7. Nbd2 Bb7 8. Bd3
Nc6 9. c3 O-O 10. O-O cxd4 11. exd4 Nh5 12. Bxe7 Qxe7 13. g3 Nf6 14. Qe2 Rfe8
15. Rae1 Rac8 16. Nc4 d6 17. Nh2 Nb8 18. Ng4 Nxg4 19. Qxg4 Red8 20. f4 Qd7 21.
Nd2 f5 22. Qe2 Re8 23. Bb5 Bc6 24. Bc4 d5 25. Bd3 a6 26. Nf3 Bb5 27. Ne5 Bxd3
28. Qxd3 Qa4 29. a3 Qb3 30. Rf2 Qb5 31. Qd2 Nc6 32. Nf3 Na5 33. Rfe2 Nc4 34.
Qc2 Qc6 35. Ne5 Nxe5 36. Rxe5 Kf7 37. Qe2 b5 38. Qh5+ g6 39. Qe2 a5 40. Qd2 Qc4
41. Kf2 b4 42. axb4 axb4 43. cxb4 Qc2 44. R5e2 Qxd2 45. Rxd2 Rc4 46. Ra1 Rxb4
47. Ra7+ Kf6 48. Ra6 Re7 49. h4 h5 50. Kg2 Kf7 51. Kf2 Kf6 1/2-1/2

[Event "Hastings Masters"]
[Site "Hastings"]
[Date "2008.01.05"]
[Round "9.3"]
[White "Pert, Nicholas"]
[Black "Williams, Simon Kim"]
[Result "1-0"]
[WhiteElo "2539"]
[BlackElo "2475"]
[PlyCount "43"]
[EventDate "2007.12.28"]
[SourceDate "2007.12.28"]

1. d4 Nf6 2. Nf3 c5 3. d5 b5 4. Bg5 Qb6 5. a4 bxa4 6. Nc3 Qxb2 7. Bd2 Qb6 8. e4
d6 9. e5 dxe5 10. Nxe5 e6 11. Qf3 Qc7 12. Bb5+ Kd8 13. Nc4 Bd6 14. Bg5 Rf8 15.
O-O-O Bb7 16. Ne4 Bxd5 17. Ncxd6 Qxd6 18. Rxd5 Qxd5 19. Rd1 Kc7 20. Rxd5 Nxd5
21. Qg3+ Kb7 22. Qd6 1-0

[Event "Hastings Masters"]
[Site "Hastings"]
[Date "2008.01.05"]
[Round "9.6"]
[White "Conquest, Stuart"]
[Black "Greet, Andrew"]
[Result "1/2-1/2"]
[WhiteElo "2540"]
[BlackElo "2441"]
[PlyCount "125"]
[EventDate "2007.12.28"]
[SourceDate "2007.12.28"]

1. d4 Nf6 2. c4 e6 3. Nf3 b6 4. Bf4 Bb7 5. e3 Be7 6. h3 c5 7. Nc3 cxd4 8. Nxd4
a6 9. Be2 O-O 10. O-O Nc6 11. Bf3 Na5 12. Bxb7 Nxb7 13. Qe2 Rc8 14. Rac1 d6 15.
Bh2 Qc7 16. b3 Nc5 17. Rfd1 Qb7 18. b4 Nce4 19. Nxe4 Nxe4 20. f3 Nf6 21. b5 e5
22. Nc6 Rxc6 23. bxc6 Qxc6 24. Kh1 Rc8 25. e4 Nd7 26. Bg1 g6 27. Be3 Qb7 28.
Rb1 Rc6 29. Qd3 Qc8 30. Rdc1 Kg7 31. Qd5 h5 32. Kh2 h4 33. Qd3 Qc7 34. Qe2 Nc5
35. Rd1 Ne6 36. Rbc1 Bf6 37. Qd3 Nd4 38. Kh1 Rc5 39. Bd2 Qd7 40. Bb4 Rc6 41.
Rf1 Qc7 42. Bd2 Ne6 43. Be3 Nf4 44. Bxf4 exf4 45. Rb1 Be5 46. Rb4 a5 47. Ra4
Qe7 48. Rb1 Qf6 49. Rd1 Qg5 50. Ra3 Qg3 51. Qe2 g5 52. Rb3 g4 53. Qf1 a4 54.
Rb4 b5 55. Rxb5 gxf3 56. gxf3 Rxc4 57. Rd2 Kh7 58. Qxc4 Qe1+ 59. Kg2 Qxd2+ 60.
Kf1 Qd1+ 61. Kg2 Qd2+ 62. Kf1 Qd1+ 63. Kg2 1/2-1/2

[Event "Hastings Masters"]
[Site "Hastings"]
[Date "2008.01.05"]
[Round "9.7"]
[White "Flear, Glenn C"]
[Black "Haslinger, Stewart"]
[Result "1-0"]
[WhiteElo "2493"]
[BlackElo "2502"]
[PlyCount "81"]
[EventDate "2007.12.28"]
[SourceDate "2007.12.28"]

1. d4 d5 2. c4 c6 3. Nc3 Nf6 4. e3 a6 5. Nf3 e6 6. a3 Nbd7 7. b4 Bd6 8. Bb2 Qe7
9. Qc2 O-O 10. Be2 h6 11. O-O dxc4 12. Bxc4 b5 13. Bd3 a5 14. bxa5 Rxa5 15. Ne4
Nxe4 16. Bxe4 Ra4 17. Qxc6 Nf6 18. Bd3 Bb7 19. Qxb5 Bxf3 20. gxf3 Nd5 21. f4
Qh4 22. Be4 Nxf4 23. exf4 Qxf4 24. Rfe1 Rb8 25. Qxa4 Rxb2 26. Qa8+ Bb8 27. Bg2
Qxf2+ 28. Kh1 Qh4 29. Re5 Qxd4 {(=)} 30. Rae1 g6 31. R5e4 Qf2 32. Rg1 Kg7 33.
Rg4 h5 34. Rf1 Qe2 35. Rb4 Qe5 36. Qxb8 Qxb8 37. Rxb8 Rxb8 38. a4 f5 39. a5 e5
40. Bc6 Rc8 41. Bb7 1-0

[Event "Hastings Masters"]
[Site "Hastings"]
[Date "2008.01.05"]
[Round "9.8"]
[White "Abu Sufian, Sakil"]
[Black "Lalic, Bogdan"]
[Result "0-1"]
[WhiteElo "2361"]
[BlackElo "2500"]
[PlyCount "38"]
[EventDate "2007.12.28"]
[SourceDate "2007.12.28"]

1. e4 e6 2. d4 d5 3. Nc3 Nf6 4. e5 Nfd7 5. f4 c5 6. Nf3 Nc6 7. Be3 Be7 8. Qd2
O-O 9. O-O-O c4 10. f5 b5 11. fxe6 fxe6 12. h4 Qa5 13. Ng5 b4 14. Qe2 bxc3 15.
Qh5 h6 16. Qg6 Bxg5 17. hxg5 cxb2+ 18. Kb1 Ndxe5 19. dxe5 Nb4 0-1

[Event "Hastings Masters"]
[Site "Hastings"]
[Date "2008.01.05"]
[Round "9.9"]
[White "Bogner, Sebastian"]
[Black "Gormally, Daniel"]
[Result "1/2-1/2"]
[WhiteElo "2383"]
[BlackElo "2484"]
[PlyCount "54"]
[EventDate "2007.12.28"]
[SourceDate "2007.12.28"]

1. Nf3 Nf6 2. c4 e6 3. Nc3 Bb4 4. Qc2 O-O 5. a3 Bxc3 6. Qxc3 b6 7. e3 a5 8. b3
Bb7 9. Bb2 d6 10. Be2 Nbd7 11. O-O e5 12. d3 Re8 13. b4 c5 14. Rfe1 Qc7 15.
Rac1 axb4 16. axb4 Ra4 17. Bd1 Raa8 18. Be2 Ra4 19. Ra1 cxb4 20. Qd2 Nc5 21.
Rxa4 Nxa4 22. Qxb4 Nxb2 23. Qxb2 h6 24. Rb1 Nd7 25. Ne1 d5 26. cxd5 Bxd5 27.
Bg4 Be6 1/2-1/2